| 000 | 00892ntm a22002417a 4500 | ||
|---|---|---|---|
| 005 | 20170827130613.0 | ||
| 008 | 170802s2012 xx a frb 000 0 eng d | ||
| 040 |
_aEG-ScBUE _beng _cEG-ScBUE |
||
| 082 | 0 | 4 |
_222 _a624 _bIBR |
| 100 | 1 | _aIbrahim, Nayera Mohammad Abdel Baki. | |
| 245 | 1 | 0 |
_aSix story residential building / _cNayera Mohammad Abdel Baki Ibrahim. |
| 246 | 3 | _a6 story residential building / | |
| 260 | _c2012. | ||
| 300 |
_a36 p. : _bill. (col.) ; _c28 cm. |
||
| 500 | _aA design project submitted to the faculty of the engineering,The British University in Egypt, in partial fulfillment of the requirements for the bachelor degree in civil engineering. | ||
| 590 | _aNagwa | ||
| 650 | 7 |
_2BUEsh _aCivil Engineering _vProjects |
|
| 653 |
_bENGCIV _cAugust2017 |
||
| 655 | _vStudents Projects | ||
| 700 | 1 |
_aHelmy, Amr, _eths. |
|
| 777 | _AProjects - Students | ||
| 942 | _2ddc | ||
| 999 |
_c25421 _d25393 |
||